000 00587nam a22001577a 4500
003 SGT
020 _a9788121918015
082 _a658.421,KHA
100 _aKHANKA,S.S
245 _aENTREPRENEURIAL DEVELOPMENT
260 _aNEW DELHI
_bS. CHAND
_c2015
300 _a794
650 _aMANAGEMENT
653 _aENTREPRENEUR,ENTREPRENEURSHIP,WOMEN ENTREPRENEURSHIP WOMEN ENTREPRENEURSHIP,RURAL ENTREPRENEURSHIP, TOURISM ENTREPRENEURSHIP, AGRI -PRENEURSHIP,SOCIIAL ENTREPRENEURSHLP, FAMILY BUSINESS, FACTORS AFFECTING ENTREPRENEURSHLP GRWTH, ENTRPRENEURIAL MOTIVATION
942 _2ddc
_cFCM
_02
999 _c8909
_d8909